000 00324nam a2200109 4500
999 _c12215
_d12215
008 190118b ||||| |||| 00| 0 eng d
245 _aSuspected killer of pregnant OMB prosecutor arrested; robbery eyed.
260 _aPhilippines
_bManila Bulletin
_cc2018
300 _apage 4.
650 0 _934569
_aCrimes.
942 _2ddc
_cPER